<?xml version="1.0" encoding="UTF-8"?>
<record
    xmlns:xsi="http://www.w3.org/2001/XMLSchema-instance"
    xsi:schemaLocation="http://www.loc.gov/MARC21/slim http://www.loc.gov/standards/marcxml/schema/MARC21slim.xsd"
    xmlns="http://www.loc.gov/MARC21/slim">

  <leader>01283cam a2200229   4500</leader>
  <controlfield tag="001">78949</controlfield>
  <controlfield tag="003">BD-RjUL</controlfield>
  <controlfield tag="005">20211209083208.0</controlfield>
  <controlfield tag="008">211201s19481367ua       b    000 0 arar </controlfield>
  <datafield tag="035" ind1=" " ind2=" ">
    <subfield code="a">(BD-RjUL)</subfield>
  </datafield>
  <datafield tag="040" ind1=" " ind2=" ">
    <subfield code="a">DLC</subfield>
    <subfield code="c">WAU</subfield>
    <subfield code="d">BNG</subfield>
    <subfield code="d">NBiSU</subfield>
    <subfield code="d">UkOxU</subfield>
    <subfield code="b">eng</subfield>
  </datafield>
  <datafield tag="041" ind1=" " ind2=" ">
    <subfield code="a">ara</subfield>
  </datafield>
  <datafield tag="082" ind1=" " ind2=" ">
    <subfield code="2">23</subfield>
    <subfield code="a">297.352</subfield>
    <subfield code="b">TAQ 1948</subfield>
  </datafield>
  <datafield tag="100" ind1="1" ind2=" ">
    <subfield code="a">&#x637;&#x628;&#x631;&#x64A;&#x60C; &#x645;&#x64B;&#x62D;&#x628; &#x627;&#x644;&#x62F;&#x64A;&#x646; &#x623;&#x62D;&#x645;&#x62F; &#x628;&#x646; &#x639;&#x628;&#x62F; &#x627;&#x644;&#x644;&#x647;.;; &#x1E6C;abar&#x12B;, Mu&#x1E25;ibb al-D&#x12B;n A&#x1E25;mad ibn &#x2BF;Abd All&#x101;h,</subfield>
    <subfield code="d">1218-1295.</subfield>
    <subfield code="9">244137</subfield>
  </datafield>
  <datafield tag="245" ind1="1" ind2="3">
    <subfield code="a">&#x627;&#x644;&#x642;&#x631;&#x649; &#x644;&#x642;&#x627;&#x635;&#x62F; &#x623;&#x645; &#x627;&#x644;&#x642;&#x631;&#x649; /;; al-Qir&#xE1; li-q&#x101;&#x1E63;id Umm al-Qur&#xE1; /</subfield>
    <subfield code="c">&#x62A;&#x623;&#x644;&#x64A;&#x641; &#x623;&#x628;&#x64A; &#x627;&#x644;&#x639;&#x628;&#x627;&#x633; &#x623;&#x62D;&#x645;&#x62F; &#x628;&#x646; &#x639;&#x628;&#x62F; &#x627;&#x644;&#x644;&#x647; &#x628;&#x646; &#x645;&#x62D;&#x645;&#x62F; &#x628;&#x646; &#x623;&#x628;&#x64A; &#x628;&#x643;&#x631; &#x645;&#x62D;&#x628; &#x627;&#x644;&#x62F;&#x64A;&#x646; &#x627;&#x644;&#x637;&#x628;&#x631;&#x64A; &#x62B;&#x645; &#x627;&#x644;&#x645;&#x643;&#x64A; &#x61B; &#x639;&#x627;&#x631;&#x636;&#x647; &#x628;&#x645;&#x62E;&#x637;&#x648;&#x637;&#x627;&#x62A; &#x645;&#x643;&#x629; &#x648;&#x627;&#x644;&#x642;&#x627;&#x647;&#x631;&#x629; &#x645;&#x635;&#x637;&#x641;&#x649; &#x627;&#x644;&#x633;&#x642;&#x627;.;; ta&#x2BC;l&#x12B;f Ab&#x12B; al-&#x2BF;Abb&#x101;s A&#x1E25;mad ibn &#x2BF;Abd All&#x101;h ibn Mu&#x1E25;ammad ibn Ab&#x12B; Bakr Mu&#x1E25;ibb al-D&#x12B;n al-&#x1E6C;abar&#x12B; thumma al-Makk&#x12B; ; &#x2BF;&#x100;ra&#x1E0D;ahu bi-makh&#x1E6D;&#x16B;&#x1E6D;&#x101;t Makkah wa-al-Q&#x101;hirah Mu&#x1E63;&#x1E6D;af&#xE1; al-Saqq&#x101;.</subfield>
  </datafield>
  <datafield tag="250" ind1=" " ind2=" ">
    <subfield code="a">al-&#x1E6C;ab&#x2BF;ah 1.</subfield>
  </datafield>
  <datafield tag="260" ind1=" " ind2=" ">
    <subfield code="a">Mi&#x1E63;r :&#x645;&#x635;&#x631; :</subfield>
    <subfield code="b">:Mu&#x1E63;&#x1E6D;af&#xE1; al-B&#x101;b&#x12B; al-&#x1E24;alab&#x12B;,</subfield>
    <subfield code="c">1948</subfield>
  </datafield>
  <datafield tag="300" ind1=" " ind2=" ">
    <subfield code="a">680 p. ;</subfield>
    <subfield code="c">25 cm.</subfield>
  </datafield>
  <datafield tag="504" ind1=" " ind2=" ">
    <subfield code="a">Includes bibliographical references.</subfield>
  </datafield>
  <datafield tag="650" ind1=" " ind2="0">
    <subfield code="a">Muslim pilgrims and pilgrimages</subfield>
    <subfield code="z">Saudi Arabia</subfield>
    <subfield code="z">Mecca.</subfield>
    <subfield code="9">250907</subfield>
  </datafield>
  <datafield tag="942" ind1=" " ind2=" ">
    <subfield code="2">ddc</subfield>
    <subfield code="c">BK</subfield>
  </datafield>
  <datafield tag="999" ind1=" " ind2=" ">
    <subfield code="c">78949</subfield>
    <subfield code="d">78949</subfield>
  </datafield>
  <datafield tag="952" ind1=" " ind2=" ">
    <subfield code="0">0</subfield>
    <subfield code="1">0</subfield>
    <subfield code="2">ddc</subfield>
    <subfield code="4">0</subfield>
    <subfield code="7">1</subfield>
    <subfield code="8">NFIC</subfield>
    <subfield code="a">RUCL</subfield>
    <subfield code="b">RUCL</subfield>
    <subfield code="c">Reading</subfield>
    <subfield code="d">2021-12-01</subfield>
    <subfield code="l">0</subfield>
    <subfield code="o">A 297.352 TAQ 1948</subfield>
    <subfield code="r">2021-12-01 00:00:00</subfield>
    <subfield code="t">C-1</subfield>
    <subfield code="w">2021-12-01</subfield>
    <subfield code="y">BK</subfield>
  </datafield>
</record>
